000 00710cab a2200241 4500
001 ABS51357
008 090401t1994 xxu||||| |||| 00| 0 eng d
035 _a(Sirsi) u23171
041 _aeng
245 _aBuilding study: Merseyside`s marine addition
260 _c1994
350 _a0
490 _aArchitects` Journal
_v200(11) 22 September 1994, 35-44(10)
520 _aWater Sports Activities Centre, Queen Dock, Liverpool. Cost analysis.
650 _aCOST ANALYSIS
650 _aMARINE SPORTS
650 _aRECREATIONAL FACILITIES
650 _aURBAN REGENERATION
650 _aWATERSPORTS FACILITIES
690 _aBUILDING AND CONSTRUCTION-PROJECTS
942 _n0
948 _c04/03/1997
999 _c15512
_d15512